Ländercodes von allen Ländern der Welt - Statistiken

Allgemein
  • Dieses Quiz wurde 170 mal gespielt
  • Das Durchschnittsergebnis liegt bei 70 aus 196
Antwortstatistiken
Länderkürzel Land % Korrekt
AT Österreich
77%
AF Afghanistan
76%
AU Australien
76%
AD Andorra
72%
DE Deutschland
69%
CZ Tschechien
67%
AZ Aserbaidschan
66%
BE Belgien
66%
FR Frankreich
64%
FI Finnland
63%
IT Italien
63%
RU Russland
63%
JP Japan
61%
NL Niederlande
61%
GB Vereinigtes Königreich
61%
HU Ungarn
60%
DK Dänemark
59%
IS Island
59%
OM Oman
59%
LT Litauen
58%
PL Polen
58%
RO Rumänien
58%
FJ Fidschi
56%
JO Jordanien
56%
CH Schweiz
55%
AR Argentinien
54%
LU Luxemburg
54%
NG Nigeria
54%
SK Slowakei
54%
ES Spanien
54%
AL Albanien
53%
BR Brasilien
52%
GH Ghana
52%
GR Griechenland
52%
IR Iran
52%
CA Kanada
52%
NO Norwegen
52%
US Vereinigte Staaten
52%
BG Bulgarien
51%
CY Zypern
51%
DO Dominikanische Republik
50%
IN Indien
50%
IQ Irak
50%
KE Kenia
50%
LV Lettland
50%
RW Ruanda
50%
UG Uganda
50%
YE Jemen
49%
LI Liechtenstein
49%
PT Portugal
49%
AM Armenien
48%
EC Ecuador
48%
NZ Neuseeland
48%
KZ Kasachstan
46%
QA Katar
46%
PE Peru
46%
BO Bolivien
45%
IE Irland
45%
CO Kolumbien
45%
MX Mexiko
45%
UZ Usbekistan
45%
PH Philippinen
44%
VE Venezuela
44%
CL Chile
43%
LY Libyen
43%
HR Kroatien
42%
PK Pakistan
42%
BB Barbados
41%
GA Gabun
41%
HT Haiti
41%
SY Syrien
41%
TH Thailand
41%
TR Türkei
41%
VA Vatikan
41%
EG Ägypten
40%
JM Jamaika
40%
UA Ukraine
40%
PA Panama
39%
PY Paraguay
39%
TG Togo
39%
AE Vereinigte Arabische Emirate
39%
HN Honduras
38%
ID Indonesien
38%
NP Nepal
38%
CN China
37%
DJ Dschibuti
37%
ER Eritrea
37%
EE Estland
37%
KG Kirgisistan
37%
LA Laos
37%
LB Libanon
37%
MY Malaysia
37%
SE Schweden
37%
ZW Simbabwe
37%
VU Vanuatu
37%
BH Bahrain
36%
MA Marokko
36%
NA Namibia
36%
VN Vietnam
36%
AO Angola
35%
BW Botswana
35%
SO Somalia
35%
CR Costa Rica
34%
GE Georgien
34%
GY Guyana
34%
TT Trinidad und Tobago
34%
DM Dominica
33%
IL Israel
33%
NE Niger
33%
TW Taiwan
33%
TZ Tansania
33%
TV Tuvalu
33%
SS Südsudan
32%
BF Burkina Faso
31%
CU Kuba
31%
UY Uruguay
31%
BZ Belize
30%
TN Tunesien
30%
BT Bhutan
29%
GT Guatemala
29%
GN Guinea
29%
KW Kuwait
29%
SA Saudi-Arabien
29%
BD Bangladesch
28%
GM Gambia
28%
MT Malta
28%
MC Monaco
28%
ZM Sambia
28%
SM San Marino
28%
SD Sudan
28%
AG Antigua und Barbuda
27%
MW Malawi
27%
MM Myanmar
27%
NI Nicaragua
27%
MU Mauritius
26%
MD Moldawien
26%
TJ Tadschikistan
26%
ET Äthiopien
25%
ML Mali
25%
MR Mauretanien
25%
FM Föderierte Staaten von Mikronesien
24%
CM Kamerun
24%
KI Kiribati
24%
MG Madagaskar
24%
MV Malediven
24%
SG Singapur
24%
ZA Südafrika
24%
TO Tonga
24%
SL Sierra Leone
23%
BS Bahamas
22%
BY Belarus
21%
SN Senegal
21%
TM Turkmenistan
21%
CI Elfenbeinküste
20%
GD Grenada
20%
LS Lesotho
20%
LR Liberia
20%
MK Nordmazedonien
20%
PG Papua-Neuguinea
20%
SI Slowenien
20%
GQ Äquatorial-Guinea
19%
TD Tschad
19%
BA Bosnien und Herzegowina
18%
BI Burundi
18%
CD Demokratische Republik Kongo
18%
KR Südkorea
18%
XK Kosovo
17%
CG Republik Kongo
17%
RS Serbien
17%
BN Brunei
16%
ME Montenegro
16%
MZ Mosambik
16%
CV Kap Verde
15%
KM Komoren
15%
MN Mongolei
15%
NR Nauru
14%
TL Osttimor
14%
PW Palau
14%
ST São Tomé und Príncipe
14%
SR Suriname
14%
DZ Algerien
13%
KP Nordkorea
13%
SC Seychellen
13%
GW Guinea-Bissau
12%
CF Zentralafrikanische Republik
12%
BJ Benin
11%
KH Kambodscha
11%
MH Marshallinseln
11%
LC St. Lucia
11%
VC St. Vincent und die Grenadinen
11%
SV El Salvador
9%
KN St. Kitts und Nevis
9%
SZ Eswatini
8%
LK Sri Lanka
8%
WS Samoa
7%
SB Salomonen
5%
Keine übereinstimmenden Quizze gefunden
Verteilung der Resultate
Anzahl Personen mit jedem Resultat
Perzentil nach korrekt beantworteten Fragen
Ihre Resultats-Entwicklung
Sie haben dieses Quiz noch nicht gespielt